| 000 | 00713nam a2200217 i 4500 | ||
|---|---|---|---|
| 001 | 133598 | ||
| 003 | ES-MaACL | ||
| 005 | 20250816092654.0 | ||
| 007 | t| | ||
| 008 | 070821s1964 sp a |||| | spa d | ||
| 080 | _a087.5:62/69 | ||
| 100 | 1 |
_aWollmann, Rudolf. _9117287 |
|
| 245 | 1 | 0 |
_aTrabajos manuales para jóvenes / _cRudolf Wollmann ; [traducción de Francisco Payarols Casas ; dirigida y prologada por Arturo Martorell]. |
| 260 |
_aBarcelona : _bLabor, _c[1964] |
||
| 300 |
_aXVI, 357 p. : _bil. ; _c26 cm. |
||
| 650 | 7 |
_aTrabajos manuales _2embne _917606 |
|
| 700 | 1 |
_aPayarols, Francisco. _989715 |
|
| 700 | 1 |
_aMartorell, Arturo. _978531 |
|
| 852 |
_aES-MaACL _jC-26245 |
||
| 999 |
_c133598 _d133598 |
||